| 000 | 00961nam a22003017a 4500 | ||
|---|---|---|---|
| 001 | 7979 | ||
| 003 | FISKH | ||
| 005 | 20260213143737.0 | ||
| 008 | 250815b cb ||||| |||| 00| 0 eng d | ||
| 020 | _a9781423180708 | ||
| 040 |
_aFISKH _beng _cFISKH _dFISKH |
||
| 050 | _aPZ7.S41325 M | ||
| 100 | _aScollon , Bill | ||
| 245 |
_aMinnie's Winter Bow Show / _cBy Bill Scollon |
||
| 250 | _aFirst Edition | ||
| 260 |
_aCalifornia : _bDisney Enterpriseds, Inc , _c2014. |
||
| 300 |
_a24 unnumbered pages : _bcolor illustrations ; _c20 cm . |
||
| 490 | _aMinnie | ||
| 505 | _aG | ||
| 520 | _aMillie and Melody take Aunt Minnie on an adventure through the snowy mountains, but will she get back in time for her Winter Bow Show? | ||
| 521 | 8 |
_a370
_bLexile estimate |
|
| 521 | 8 |
_aG
_bRaz-Plus |
|
| 650 | _aMickey | ||
| 650 |
_aWinter _vChildren's Books |
||
| 650 |
_aMickey _vChildren's Books |
||
| 942 |
_2ddc _cBK _n0 |
||
| 999 |
_c7979 _d7979 |
||